00698nam a2200229 a 4500001001300000003000900013005001700022008004100039020002300080082001600103100002700119245003700146260003600183300000900219500003500228505002700263700002700290902000800317942000700325952011900332999001700451nice12345678IN_TiNIC20260116014919.0050524s1975 newa grp 000 0 eng  a0131969986 c30000a291.23bKUB aKubler-Ross, Elisabeth aDeath, the Final Stage of Growth aNew JerseybPrentice-Hallc1975 a175p aincludes index and biblioraphy2 aAnnotated Bibliography1 aKubler-Ross, Elisabeth bSRS cBK 001040708StackRoom-aHMIbHMId2005-05-24g300.00l0o291.23 KUBp11001255r2005-05-24v300.00w2005-05-24yBK c17522d17522